Statistics for Stanley Cup Winniers part 3

Click here to take the quiz!

General Stats

  • This quiz has been taken 10 times
    (3 since last reset)
  • The average score is 70 of 90

Answer Stats

YearWinning Team% Correct
2007Anahiem Ducks
100%
1970Boston Bruins
100%
2011Boston Bruins
100%
1989Calgary Flames
100%
2006Carolina Hurricanes
100%
2015Chicago Black Hawks
100%
2010Chicago Black Hawks
100%
2013Chicago Black Hawks
100%
1996Colorado Avalanche
100%
2001Colorado Avalanche
100%
1999Dallas Stars
100%
2002Detroit Red Wings
100%
1997Detroit Red Wings
100%
2008Detroit Red Wings
100%
1998Detroit Red Wings
100%
1988Edmonton Oilers
100%
1987Edmonton Oilers
100%
1985Edmonton Oilers
100%
1990Edmonton Oilers
100%
1984Edmonton Oilers
100%
2014Los Angeles Kings
100%
2012Los Angeles Kings
100%
1966Montreal Canadiens
100%
1969Montreal Canadiens
100%
1986Montreal Canadiens
100%
1968Montreal Canadiens
100%
1979Montreal Canadiens
100%
1977Montreal Canadiens
100%
1973Montreal Canadiens
100%
1978Montreal Canadiens
100%
1993Montreal Canadiens
100%
1971Montreal Canadiens
100%
1976Montreal Canadiens
100%
1965Montreal Candiens
100%
2000New Jersey Devils
100%
2003New Jersey Devils
100%
1995New Jersey Devils
100%
1983New York Islanders
100%
1982New York Islanders
100%
1981New York Islanders
100%
1980New York Islanders
100%
1994New York Rangers
100%
1974Philidelphia Flyers
100%
1975Philidelphia Flyers
100%
2017Pittsburgh Penguins
100%
1991Pittsburgh Penguins
100%
2009Pittsburgh Penguins
100%
2016Pittsburgh Penguins
100%
1992Pittsburgh Penguins
100%
2004Tampa Bay Lightning
100%
1967Toronto Maple Leafs
100%
1972Boston Bruins
50%
1939Boston Bruins
50%
1929Boston Bruins
50%
1941Boston Bruins
50%
1961Chicago Black Hawks
50%
1938Chicago Black Hawks
50%
1934Chicago Black Hawks
50%
1950Detroit Red Wings
50%
1943Detroit Red Wings
50%
1937Detroit Red Wings
50%
1936Detroit Red Wings
50%
1955Detroit Red Wings
50%
1954Detroit Red Wings
50%
1952Detroit Red Wings
50%
1944Montreal Canadiens
50%
1946Montreal Canadiens
50%
1931Montreal Canadiens
50%
1956Montreal Canadiens
50%
1957Montreal Canadiens
50%
1958Montreal Canadiens
50%
1960Montreal Canadiens
50%
1930Montreal Canadiens
50%
1953Montreal Canadiens
50%
1959Montreal Candiens
50%
1933New York Rangers
50%
1928New York Rangers
50%
1940New York Rangers
50%
1927Ottawa Senators
50%
1942Toronto Maple Leafs
50%
1945Toronto Maple Leafs
50%
1964Toronto Maple Leafs
50%
1947Toronto Maple Leafs
50%
1948Toronto Maple Leafs
50%
1949Toronto Maple Leafs
50%
1932Toronto Maple Leafs
50%
1951Toronto Maple Leafs
50%
1962Toronto Maple Leafs
50%
1963Toronto Maple Leafs
50%
1935Montreal Maroons
0%

Score Distribution

Percentile by Number Answered

Percent of People with Each Score

Your Score History

You have not taken this quiz since the last reset